000 00334nam a22001457a 4500
008 230404b ||||| |||| 00| 0 eng d
020 _a9780990724308
041 _aeng
080 _22ND EDITION
_a159.9
082 _a159.9FUL
100 _a25
101 _aPSI
245 _aAP PHYSICS ESSENTIALS
_cFULLERTON .D
942 _2udc
_cBK
999 _c59502
_d59502